<?xml version="1.0" encoding="UTF-8"?>
<collection xmlns="http://www.loc.gov/MARC21/slim">
    <record>
        <controlfield tag="001">7155</controlfield>
        <controlfield tag="005">20150325135935.0</controlfield>
        <datafield tag="037" ind1=" " ind2=" ">
            <subfield code="a">TAZ-PFC-2012-195</subfield>
        </datafield>
        <datafield tag="041" ind1=" " ind2=" ">
            <subfield code="a">spa</subfield>
        </datafield>
        <datafield tag="100" ind1="1" ind2=" ">
            <subfield code="a">Vargas Artajona, Sofía</subfield>
        </datafield>
        <datafield tag="245" ind1="0" ind2="0">
            <subfield code="a">Revisión Bibliográfica: La ansiedad en el paciente oncológico. Intervenciones de Enfermería</subfield>
        </datafield>
        <datafield tag="260" ind1=" " ind2=" ">
            <subfield code="a">Zaragoza</subfield>
            <subfield code="b">Universidad de Zaragoza</subfield>
            <subfield code="c">2012</subfield>
        </datafield>
        <datafield tag="506" ind1=" " ind2=" ">
            <subfield code="a">by-nc-sa</subfield>
            <subfield code="b">Creative Commons</subfield>
            <subfield code="c">3.0</subfield>
            <subfield code="u">http://creativecommons.org/licenses/by-nc-sa/3.0/</subfield>
        </datafield>
        <datafield tag="520" ind1=" " ind2=" ">
            <subfield code="a">Introducción: Los trastornos de ansiedad en el paciente oncológico surgen como una respuesta emocional al estrés que conlleva el diagnóstico de una patología neoplásica.  Teniendo en cuenta la “mala prensa” de la enfermedad y el elevado grado de compromiso vital, además de las diferentes particularidades clínicas de este tipo de patología, el paciente oncológico es especialmente vulnerable a evidenciar consecuencias psicosociales del diagnóstico como temor a la muerte, estrés familiar, aislamiento social, depresión, alteración de la imagen corporal y problemas económicos; la abundancia de estos problemas y su cronicidad pueden conducir al enfermo a estados emocionales severos, como son los ya citados. La enfermería ocupa un lugar privilegiado ante el paciente, en el cuidado de los aspectos psicosociales. Método: Se trata de una revisión bibliográfica en la que se analizan diferentes artículos sobre los trastornos de ansiedad y/o depresión en el paciente oncológico y los diagnósticos e intervenciones de enfermería propuestos para éstos. Para la selección de los artículos se han empleado los siguientes criterios de inclusión: - Documentos que daten del año 1992 hasta el presente (grupo heterogéneo estudios descriptivos, estudios pre-experimentales, estudios longitudinales, monografías en internet o artículos de revistas científicas). - Pacientes oncológicos (tanto en hospitalización como en comunidad) que presenten ansiedad, depresión, trastornos de adaptación o insomnio, mayores de 18 años.</subfield>
        </datafield>
        <datafield tag="521" ind1=" " ind2=" ">
            <subfield code="a">Graduado en Enfermería</subfield>
        </datafield>
        <datafield tag="540" ind1=" " ind2=" ">
            <subfield code="a">Derechos regulados por licencia Creative Commons</subfield>
        </datafield>
        <datafield tag="653" ind1="1" ind2=" ">
            <subfield code="a">trastornos de ansiedad</subfield>
        </datafield>
        <datafield tag="653" ind1="1" ind2=" ">
            <subfield code="a">trastornos adaptativos oncología</subfield>
        </datafield>
        <datafield tag="653" ind1="1" ind2=" ">
            <subfield code="a">enfermería oncológica</subfield>
        </datafield>
        <datafield tag="653" ind1="1" ind2=" ">
            <subfield code="a">intervenciones de enfermería</subfield>
        </datafield>
        <datafield tag="700" ind1=" " ind2=" ">
            <subfield code="a">Estrada Fernández, María Eugenia</subfield>
            <subfield code="e">dir.</subfield>
        </datafield>
        <datafield tag="710" ind1="2" ind2=" ">
            <subfield code="a">Universidad de Zaragoza</subfield>
            <subfield code="b"> </subfield>
            <subfield code="c"></subfield>
        </datafield>
        <datafield tag="856" ind1="0" ind2=" ">
            <subfield code="f">592653@celes.unizar.es</subfield>
        </datafield>
        <datafield tag="856" ind1="4" ind2=" ">
            <subfield code="s">950968</subfield>
            <subfield code="u">http://zaguan.unizar.es/record/7155/files/TAZ-PFC-2012-195.pdf</subfield>
            <subfield code="y">Memoria (spa)</subfield>
        </datafield>
        <datafield tag="909" ind1="C" ind2="O">
            <subfield code="o">oai:zaguan.unizar.es:7155</subfield>
            <subfield code="p">driver</subfield>
            <subfield code="p">proyectos-fin-carrera</subfield>
        </datafield>
        <datafield tag="950" ind1=" " ind2=" ">
            <subfield code="a"></subfield>
        </datafield>
        <datafield tag="980" ind1=" " ind2=" ">
            <subfield code="a">TAZ</subfield>
            <subfield code="b">PFC</subfield>
            <subfield code="c">ENFHUES</subfield>
        </datafield>
    </record>

    
</collection>